00514nam a2200157Ia 450000500170000000800410001708200130005824500410007126000370011230000130014950000510016270000270021394200060024095200950024699900150034120250624012816.0240331s9999 xx 000 0 und d bMARa339 0aDilindu ratawal ha dhanawath ratawal aColombobMarga Institute. c1976 a114 p ., aA book on Rich Countries and Poor Countries II aMarga Institute. eedt cL 001040708LaWERCLbWERCLcSSCd2024-03-31l0o 339 MARp3342r2024-03-31w2024-03-31yL c5259d5259